Risk - Gracie Abrams Lyrics - Statistics

General Stats
  • This quiz has been taken 781 times
  • The average score is 365 of 430
Answer Stats
Answer % Correct
I
99%
it
98%
you
98%
You
98%
a
97%
I'm
96%
but
95%
me
95%
risk
95%
the
95%
gonna
93%
No
93%
take
93%
be
92%
in
92%
In
92%
to
92%
your
92%
do
90%
you're
89%
You're
89%
And
88%
and
88%
is
88%
at
87%
God
87%
Look
87%
not
87%
drowning
86%
even
86%
my
86%
now
86%
actually
85%
haven't
85%
Haven't
85%
invested
85%
this
85%
die
84%
here
84%
love
84%
met
84%
wrong
84%
him
83%
tell
83%
thing
83%
deep
82%
of
82%
out
82%
Said
82%
when
82%
classic
81%
could
81%
It's
81%
it's
81%
Too
81%
wouldn't
81%
end
80%
fun
80%
Heard
80%
soon
80%
swim
80%
With
80%
on
79%
think
79%
Watch
79%
down
78%
jumping
78%
Know
78%
didn't
77%
middle
77%
more
77%
night
77%
up
77%
that
76%
wake
76%
work
76%
had
75%
light
75%
wish
75%
Wish
75%
feel
74%
like
74%
move
74%
right
74%
Cause
73%
don't
73%
girl
73%
bedroom
72%
break
72%
house
72%
Why
72%
just
71%
kidding
71%
mistake
71%
was
71%
you'll
71%
can
70%
aren't
69%
til
69%
want
69%
yet
69%
by
68%
hold
68%
favorite
67%
find
67%
probably
67%
Hopelessly
66%
hunted
66%
really
66%
thinking
66%
without
66%
bend
65%
bought
65%
I'll
65%
been
64%
sweet
64%
touched
64%
bad
62%
can't
62%
car
62%
mouth
62%
someone
62%
talk
62%
hate
61%
head
61%
Isn't
61%
scared
61%
stare
61%
wanna
61%
proud
59%
speak
59%
well
59%
door
58%
shootin
58%
Knowing
57%
get
56%
shaking
56%
damn
54%
boring
53%
comin'
53%
Guess
53%
breath
52%
Holding
50%
No matching quizzes found
Score Distribution
Percent of People with Each Score
Percentile by Number Answered
Your Score History
You have not taken this quiz